01592nam a2200325Ia 4500001001200000003000800012006001900020007001500039008004100054010001700095020001500112040002100127035002000148050002400168245028900192260005300481300002400534500015100558500004400709504004100753533015200794650002900946650003500975650004101010655002901051700002401080710001701104856012601121999001901247ebr10055557CaPaEBRm u cr cn|||||||||940401s1994 dcua sb 000 0 eng d z 94065431  z0309050391 aCaPaEBRcCaPaEBR a(OCoLC)4232851914aHN90.V5bV6x 1994eb00aViolence in urban Americah[electronic resource] :bmobilizing a response : summary of a conference /cCommittee on Law and Justice, Commission on Behavioral and Social Sciences and Education, National Research Council and the John F. Kennedy School of Government, Harvard University. aWashington, DC :bNational Academy Press,c1994. axiv, 104 p. :bill. aProject sponsored by the Centers for Disease Control and Prevention, the Harry Frank Guggenheim Foundation, and the National Institute of Justice. aCommittee chairman: Jerome H. Skolnick. aIncludes bibliographical references. aElectronic reproduction.bPalo Alto, Calif. :cebrary,d2009.nAvailable via World Wide Web.nAccess may be limited to ebrary affiliated libraries. 0aViolencezUnited States. 0aViolent crimeszUnited States. 0aViolencezUnited StatesxPrevention. 7aElectronic books.2local1 aSkolnick, Jerome H.2 aebrary, Inc.40uhttp://site.ebrary.com/lib/rucke/Doc?id=10055557zAn electronic book accessible through the World Wide Web; click to view c178042d178042